Spravodajstvo zo zasadnutí Obecného zastupiteľstva vo Vlachove

Bibliographic Details
Main Author: Hroncová, Viera (Author)
Format: Article
Language:Slovak
PhysicalDescription:Fotogr.
Subjects:

MARC

LEADER 00000nab a2200000 a 4500
001 vtls008426216
003 SK-MaSNL
005 20260305033918.0
008 060125c2005 xo qrzp 0 0slo
038 |a RVGKPD 
040 |a RVGKPD  |b slo  |c RVGKPD  |e AACR2 
041 0 |a slo 
044 |a xo  |c SK 
080 |a 352.9  |2 UDC-MRF-SK2 
100 1 |a Hroncová, Viera  |4 aut  |9 270298 
245 1 0 |a Spravodajstvo zo zasadnutí Obecného zastupiteľstva vo Vlachove  |c Viera Hroncová 
300 |b Fotogr. 
610 1 7 |a Vlachovo (Slovensko).  |b Obecné zastupiteľstvo  |2 rvgkpd  |9 201723 
650 0 7 |a zasadnutia  |2 rvgkpd  |9 372516 
651 7 |a Vlachovo (Slovensko)  |2 rvgkpd  |9 29546 
651 7 |a Rožňava (Slovensko : okres)  |2 rvgkpd  |9 19215 
773 0 |t Stromíš : Vlachovské noviny  |g Roč. VII, č. 2-3 (2005), s. 2 
852 |a RVGKPD  |b KIS3G 
992 |a RBX 
999 |c 3326828  |d 3328758